Serengeti 11: (Record no. 2258)

MARC details
000 -LEADER
fixed length control field 00638nam a22002057a 4500
003 - CONTROL NUMBER IDENTIFIER
control field OSt
005 - DATE AND TIME OF LATEST TRANSACTION
control field 20200120140716.0
008 - FIXED-LENGTH DATA ELEMENTS--GENERAL INFORMATION
fixed length control field 150912b xxu||||| |||| 00| 0 eng d
020 ## - INTERNATIONAL STANDARD BOOK NUMBER
International Standard Book Number 0226760324
040 ## - CATALOGING SOURCE
Transcribing agency DDC
082 ## - DEWEY DECIMAL CLASSIFICATION NUMBER
Classification number 574.5 SER 1995
100 ## - MAIN ENTRY--PERSONAL NAME
Personal name Edited by Sinclair, A.R.E; Arcese, Peter
9 (RLIN) 5724
245 ## - TITLE STATEMENT
Title Serengeti 11:
Remainder of title dyanamic, management, and conservation of an ecosystem
260 ## - PUBLICATION, DISTRIBUTION, ETC. (IMPRINT)
Place of publication, distribution, etc. Chicago;
Name of publisher, distributor, etc. The Univesity of Chicago press,
Date of publication, distribution, etc. 1995
300 ## - PHYSICAL DESCRIPTION
Extent xii,665p;
Other physical details ill:
Dimensions 233cm
504 ## - BIBLIOGRAPHY, ETC. NOTE
Bibliography, etc References, appendex, & index included
650 ## - SUBJECT ADDED ENTRY--TOPICAL TERM
Topical term or geographic name as entry element Tourism
9 (RLIN) 5725
650 ## - SUBJECT ADDED ENTRY--TOPICAL TERM
Topical term or geographic name as entry element Ecosystem conservation
9 (RLIN) 5726
942 ## - ADDED ENTRY ELEMENTS (KOHA)
Source of classification or shelving scheme Other/Generic Classification Scheme
Koha item type Open Shelf
Holdings
Withdrawn status Lost status Source of classification or shelving scheme Damaged status Not for loan Home library Current library Date acquired Source of acquisition Inventory number Total Checkouts Full call number Barcode Date last seen Koha item type Price effective from
    Dewey Decimal Classification     MUST Main Library MUST Main Library 12/09/2015   15/39062   574.5 SER 1995 2015-2250 12/09/2015 Open Shelf  
    Dewey Decimal Classification     MUST Main Library MUST Main Library 12/09/2015   15/39063   574.5 SER 1995 2015-2251 12/09/2015 Open Shelf  
    Dewey Decimal Classification     MUST Main Library MUST Main Library 31/08/2021 Purchase 11/34258   574.5 SER 1995 2021-0743 31/08/2021 Open Shelf 31/08/2021